|
|
|
|
| LEADER |
00000nam0a2200000 4500 |
| 001 |
61297 |
| 005 |
20251102153433.0 |
| 035 |
|
|
|a (RuTPU)RU\TPU\book\64879
|
| 035 |
|
|
|a RU\TPU\book\16275
|
| 090 |
|
|
|a 61297
|
| 100 |
|
|
|a 20040311d1994 km y0rusy50 ca
|
| 101 |
0 |
|
|a rus
|
| 102 |
|
|
|a RU
|
| 105 |
|
|
|a y z 000zy
|
| 200 |
1 |
|
|a Домострой
|f сост. В.В.Колесов
|f Академия Наук СССР; сост. В. В. Колесов
|
| 210 |
|
|
|a Москва
|c Наука
|d 1994
|
| 215 |
|
|
|a 304 с.
|
| 225 |
1 |
|
|a Литературные памятники
|
| 606 |
|
|
|a Россия
|x История
|x Источники и источниковедение
|z 2-я пол. 15-16 вв.
|9 89008
|
| 610 |
1 |
|
|a быт
|
| 610 |
1 |
|
|a обычаи
|
| 610 |
1 |
|
|a нравы
|
| 610 |
1 |
|
|a Домострой
|
| 686 |
|
|
|a Т3(2)43
|2 rubbk
|
| 702 |
|
1 |
|a Колесов
|b В. В.
|4 220
|
| 712 |
0 |
2 |
|a Академия Наук СССР
|3 (RuTPU)RU\TPU\col\722
|
| 801 |
|
0 |
|a RU
|b 63413507
|c 20011209
|g PSBO
|
| 801 |
|
1 |
|a RU
|b 63413507
|c 20040311
|g PSBO
|
| 801 |
|
2 |
|a RU
|b 63413507
|c 20120923
|g PSBO
|
| 942 |
|
|
|c BK
|